| 000 | 00738nam a2200229Ia 4500 | ||
|---|---|---|---|
| 001 | 4244 | ||
| 003 | GE_BSU | ||
| 008 | 181216s||||||||xx |||||||||||||| ||und|| | ||
| 040 | _cGE_BSU | ||
| 080 | _a665.632 | ||
| 100 | _aГрузе, Вильям А. Стивенс, Дональд Р. | ||
| 245 | _aТехнология переработки нефти =Сhemical Тechnology of Рetroleum. | ||
| 245 | _bТеоретические основы. | ||
| 245 | _cПод. ред. И. Я. Фингрута. | ||
| 250 | _aперевод. с англ. | ||
| 260 | _aЛ. | ||
| 260 | _bХимия. | ||
| 260 | _c1964. | ||
| 300 | _a607 стр. 22 см. | ||
| 653 | _aТехнология переработки нефти. | ||
| 942 | _cBK | ||
| 999 |
_c38254 _d38254 |
||